Statistiques concernant 6 pays aléatoires sur la carte du monde en 15 secondes

Cliquez ici pour prendre le quiz!

Statistiques générales

  • Ce quiz a été pris 714 fois
  • Le résultat moyen est 4 sur 6

Réponses sur la Carte

Les réponses sont colorées sur une échelle allant du rouge au vert en fonction du pourcentage des utilisateurs qui les ont devinées à leur premier essai. Vous pouvez retrouver ces pourcentages ci-dessous.
 

Statistiques - réponses

pays% Correct
Afrique du Sud
100%
Algérie
100%
Allemagne
100%
Arabie Saoudite
100%
Arménie
100%
Australie
100%
Belgique
100%
Biélorussie
100%
Bolivie
100%
Bosnie-Herzégovine
100%
Brésil
100%
Burundi
100%
Cabo Verde
100%
Cambodge
100%
Cameroun
100%
Canada
100%
Chili
100%
Chine
100%
Comores
100%
Corée du Sud
100%
Danemark
100%
Émirats arabes unis
100%
Espagne
100%
Etats-Unis
100%
Éthiopie
100%
France
100%
Gabon
100%
Île Maurice
100%
Inde
100%
Irlande
100%
Islande
100%
Israël
100%
Japon
100%
Kirghizistan
100%
Lesotho
100%
Liban
100%
Libye
100%
Madagascar
100%
Malte
100%
Mexique
100%
Moldavie
100%
Mongolie
100%
Namibie
100%
Népal
100%
Niger
100%
Norvège
100%
Pays-Bas
100%
Pérou
100%
Philippines
100%
Portugal
100%
Qatar
100%
Roumanie
100%
Royaume-Uni
100%
Russie
100%
Sao Tomé-et-Principe
100%
Serbie
100%
Seychelles
100%
Sri Lanka
100%
Suède
100%
Suisse
100%
Tanzanie
100%
Tchad
100%
Thaïlande
100%
Timor-Leste
100%
Togo
100%
Turquie
100%
Ukraine
100%
Venezuela
100%
Zambie
100%
Hongrie
83%
Suriname
83%
Guyana
80%
Mauritanie
80%
Nicaragua
80%
Sénégal
80%
Azerbaïdjan
75%
Cuba
75%
Équateur
75%
Nouvelle-Zélande
75%
Angola
67%
Argentine
67%
Autriche
67%
Bulgarie
67%
Érythrée
67%
Estonie
67%
Finlande
67%
Jamaïque
67%
Kazakhstan
67%
Kiribati
67%
Liechtenstein
67%
Luxembourg
67%
Monténégro
67%
Panama
67%
Rwanda
67%
Saint-Marin
67%
Sierra Leone
67%
Somalie
67%
Chypre
60%
Croatie
60%
Afghanistan
50%
Albanie
50%
Andorre
50%
Barbade
50%
Birmanie
50%
Botswana
50%
Burkina Faso
50%
Géorgie
50%
Indonésie
50%
Iran
50%
Kenya
50%
Kosovo
50%
Lettonie
50%
Macédoine du Nord
50%
Maldives
50%
Papouasie-Nouvelle-Guinée
50%
République dominicaine
50%
Singapour
50%
Taïwan
50%
Tchèquie
50%
Vatican
50%
Bahamas
40%
Bhoutan
40%
Syrie
40%
Belize
33%
Côte d'Ivoire
33%
Guatemala
33%
Guinée-Bissau
33%
Haïti
33%
Jordanie
33%
Liberia
33%
Mozambique
33%
Nigeria
33%
Ouzbékistan
33%
Palaos
33%
Tadjikistan
33%
Tuvalu
33%
Soudan du Sud
29%
Gambie
25%
Guinée
25%
Honduras
25%
Salomon
25%
Fidji
14%
Antigua-et-Barbuda
0%
Bahreïn
0%
Bangladesh
0%
Bénin
0%
Brunei
0%
Colombie
0%
Congo
0%
Corée du Nord
0%
Costa Rica
0%
Djibouti
0%
Dominique
0%
Égypte
0%
Eswatini
0%
Ghana
0%
Grèce
0%
Grenade
0%
Guinée équatoriale
0%
Îles Marshall
0%
Irak
0%
Italie
0%
Koweït
0%
Laos
0%
Lituanie
0%
Malaisie
0%
Malawi
0%
Mali
0%
Maroc
0%
Micronésie
0%
Monaco
0%
Nauru
0%
Oman
0%
Ouganda
0%
Pakistan
0%
Paraguay
0%
Pologne
0%
République Centrafricaine
0%
République démocratique du Congo
0%
Saint-Christophe- et-Niévès
0%
Sainte-Lucie
0%
Saint-Vincent-et-les-Grenadines
0%
Salvador
0%
Samoa
0%
Slovaquie
0%
Slovénie
0%
Soudan
0%
Tonga
0%
Trinité-et-Tobago
0%
Tunisie
0%
Turkménistan
0%
Uruguay
0%
Vanuatu
0%
Viêt Nam
0%
Yémen
0%
Zimbabwe
0%

Distribution des résultats

Percentile par nombre de réponses

% des personnes avec chaque résultat

Votre développement - résultats

Vous n’avez pas pris ce quiz